|
|
|
|
| LEADER |
00000nam0a2200000 4500 |
| 001 |
238547 |
| 005 |
20231101231621.0 |
| 035 |
|
|
|a (RuTPU)RU\TPU\book\259742
|
| 090 |
|
|
|a 238547
|
| 100 |
|
|
|a 20130528d1972 m y0rusy50 ca
|
| 101 |
0 |
|
|a rus
|
| 102 |
|
|
|a RU
|
| 105 |
|
|
|a a a 001zy
|
| 200 |
1 |
|
|a 125 книг по русскому и советскому искусству
|e рекомендательный библиографический указатель
|f О. С. Острой
|
| 210 |
|
|
|a Ленинград
|c Художник РСФСР
|d 1972
|
| 215 |
|
|
|a 138 с.
|c ил.
|
| 320 |
|
|
|a Алф. указ. книг: с. 133-138.
|
| 606 |
1 |
|
|a Искусство
|2 stltpush
|3 (RuTPU)RU\TPU\subj\13187
|9 39838
|
| 606 |
1 |
|
|a Библиографические пособия
|x Отраслевые
|2 stltpush
|3 (RuTPU)RU\TPU\subj\28539
|9 52057
|
| 610 |
1 |
|
|a изобразительное искусство
|
| 610 |
1 |
|
|a картины
|
| 610 |
1 |
|
|a Древняя Русь
|
| 610 |
1 |
|
|a 19 век
|
| 610 |
1 |
|
|a 20 век
|
| 610 |
1 |
|
|a скульптура
|
| 610 |
1 |
|
|a графика
|
| 675 |
|
|
|a 7(01)
|v 3
|
| 686 |
|
|
|a Я19
|v LBC/SL-A
|2 rubbk
|
| 700 |
|
1 |
|a Острой
|b О. С.
|g Ольга Семеновна
|
| 801 |
|
1 |
|a RU
|b 63413507
|c 20130528
|
| 801 |
|
2 |
|a RU
|b 63413507
|c 20130605
|g RCR
|
| 942 |
|
|
|c BK
|